Kültürel incelemelere giriş (Record no. 10199)

MARC details
000 -BAŞLIK
Sabit Uzunlukta Kontrol Alanı 00998na a2200313 4500
001 - KONTROL NUMARASI
Denetim Alanı 15867
003 - KONTROL NUMARASI IDENTIFIER
Denetim Alanı MIRAKIL
005 - SON İŞLEM TARİHİ VE ZAMANI
Denetim Alanı 20181213155311.0
008 - SABİT-BOY VERİ ELEMANLARI - GENEL BİLGİLER
Sabit Uzunlukta Kontrol Alanı 160925b tu 000 0
020 ## - ULUSLARARASI STANDART KİTAP NUMARASI
Uluslararası Standart Kitap Numarası 9786053990024
035 ## - SİSTEM KONTROL NUMARASI
Sistem Kontrol Numarası 15867
040 ## - KATALOGLAMA KAYNAK
Orijinal Kataloglama Ajansı Milas
Kataloglama Dili tur
Metne Dönüştürmek Ajansı TR-AnCHP
082 ## - DEWEY ONLU SINIFLANDIRMA NUMARASI
Sınıflandırma Numarası 306
Ürün Numarası M27k 2007
090 ## - SINIFLAMA NUMARASI
Sınıflama Numarası 306 M27k 2007
100 ## - ANA GİRİŞ - KİŞİSEL İSİM
Kişisel Ad Mattelart, Armand
Bir Adıyla İlişkilendirilen Tarihler 1936-
245 ## - BAŞLIK TABLOSU
Başlık Kültürel incelemelere giriş
Sorumluluk Tablosu, Vb Armand Mattelart, Erik Neveu ; çeviren Hüsnü Dilli
260 ## - YAYIN, DAĞITIM, VB
Yayın, Dağıtım, Vb Yeri İstanbul
Yayıncı, Dağıtıcı, Vs Adı İstanbul Bilgi Üniversitesi Yayınları
Yayın, Dağıtım, Vb Tarihi 2007
300 ## - FİZİKSEL TANIM
Kapsam 143 s.
Boyutlar 20 sm.
490 ## - SERİSİ TABLOSU
Seri Beyanı Sosyal Bilimlerde Kavramlar
Hacim / Ardışık Tanımı 7
490 ## - SERİSİ TABLOSU
Seri Beyanı İstanbul Bilgi Üniversitesi yayınları
Hacim / Ardışık Tanımı 182
504 ## - KAYNAKÇA VB NOT
Kaynakça Vb Notu Kaynakça ve dizin var.
650 ## - KONU KATMA GİRİŞ - TOPİKAL DÖNEM
Topikal Süreli Veya Coğrafi Ad Giriş Elemanı Kültür
Genel Alt Bölümü Eğitim ve Öğretim
650 ## - KONU KATMA GİRİŞ - TOPİKAL DÖNEM
Topikal Süreli Veya Coğrafi Ad Giriş Elemanı Sosyoloji
Kronolojik Alt Bölümü Tarih
Coğrafi Alt Bölümü İngiltere
650 ## - KONU KATMA GİRİŞ - TOPİKAL DÖNEM
Topikal Süreli Veya Coğrafi Ad Giriş Elemanı Sosyoloji
Genel Alt Bölümü Kültürlerarası incelemeler
650 ## - KONU KATMA GİRİŞ - TOPİKAL DÖNEM
Topikal Süreli Veya Coğrafi Ad Giriş Elemanı Kültür
Genel Alt Bölümü Sosyal yönler
700 ## - KATMA GİRİŞ - KİŞİSEL İSİM
Kişisel Ad Dilli, Hüsnü
700 ## - KATMA GİRİŞ - KİŞİSEL İSİM
Kişisel Ad Neveu, Erik
942 ## - EKLENDİ GİRİŞ ELEMANLARI (KOHA)
Sınıflandırma Veya Raf Düzeni Kaynak Dewey Decimal Classification
Koha Öğesi Türü Books
999 ## - SİSTEM KONTROL NUMARALARI (KOHA)
Koha Biblionumber 10199
Koha Biblioitemnumber 10199
Holdings
Kalıcı Konum Mevcut Konum Edinme Tarihi Edinim Kaynak Toplam Check-Out'Lar Tam Çağrı Numarası Barkod Tarih Son Görülme İtibaren Geçerli Fiyatlar Koha Öğesi Türü
CHP Kütüphanesi CHP Kütüphanesi 09/25/2016 Bağış   306 M27k 2007 004203 09/25/2016 09/25/2016 Books